000 02302nam0a2200385 i 4500
001 RU\NLR\BIBL_A\011213200
005 20241105121445.0
010 _a9785990833692
_91000
021 _aRU
_b2016-66877
_94286
035 _a(NLR Aleph) 011213200
090 _a11984134
_c11984134
100 _a20160916d2016 km y0rusy50 ca
101 0 _arus
_deng
102 _aRU
105 _aac||z|||000yy
200 1 _aТеория и практика применения микро- и ультрамикроудобрений в рисоводстве
_dTheory and practice of using micro- and ultramicrofertilizers in rice growing
_fА.Х. Шеуджен
_gРос. акад. наук [и др.]
_zeng
205 _a2-е изд., перераб. и доп.
210 _aМайкоп
_cПолиграф-ЮГ
_d2016
215 _a379 с.
_cил., портр.
_d22
300 _aАвт. также на англ. яз.: A.Kh. Sheudzhen
300 _aНа 4-й с. обл.: А.Х. Шеуджен, чл.-кор. Рос. акад. наук, д.чл. Европ. акад. естеств. наук, д.б.н., засл. деят. науки РФ, засл. работник с.-х. пр-ва Респ. Адыгея, лауреат рос. премии им. Д.Н. Прянишникова
300 _aВ надзаг. также: ФГБОУ ВО "Куб. гос. аграр. ун-т им. И.Т. Трубилина", ФГБНУ "Всерос. науч.-исслед. ин-т риса"
300 _aРез. на англ. яз.
320 _aБиблиогр.: с. 364-377 (223 назв.)
510 1 _6z73790
_aTheory and practice of using micro- and ultramicrofertilizers in rice growing
_zeng
600 1 _aАлешин
_bЕ. П.
_f1931 - 2014
_gЕвгений Павлович
_9951252
_3RU\NLR\AUTH\6634868
606 _aРис
_xМикроудобрения
_92300736
_3RU\NLR\AUTH\6601604001
686 1 _aП1д(2)Алешин
686 1 _aП212.3-434
700 1 _7ca
_8rus
_aШеуджен
_bА. Х.
_cд-р биол. наук
_f1952-
_gАсхад Хазретович
_9164500
_3RU\NLR\AUTH\770164544
790 1 _7ba
_8rus
_aŠeudžen
_bA. Ch.
_cд-р биол. наук
_f1952-
_gAschad Chazretovič
_9164506
_3RU\NLR\AUTH\770164550
942 _cBOOK
980 _aNBR